<?xml version="1.0" encoding="UTF-8"?>
<record
    xmlns:xsi="http://www.w3.org/2001/XMLSchema-instance"
    xsi:schemaLocation="http://www.loc.gov/MARC21/slim http://www.loc.gov/standards/marcxml/schema/MARC21slim.xsd"
    xmlns="http://www.loc.gov/MARC21/slim">

  <leader>00575nam a22001697a 4500</leader>
  <controlfield tag="008">100804t        xxu||||| |||| 00| 0 eng d</controlfield>
  <datafield tag="020" ind1=" " ind2=" ">
    <subfield code="a">978-92-5-206239-4</subfield>
  </datafield>
  <datafield tag="040" ind1=" " ind2=" ">
    <subfield code="a">BIDOC</subfield>
  </datafield>
  <datafield tag="041" ind1=" " ind2=" ">
    <subfield code="a">Fr</subfield>
  </datafield>
  <datafield tag="110" ind1=" " ind2=" ">
    <subfield code="a">FAO</subfield>
    <subfield code="9">7994</subfield>
  </datafield>
  <datafield tag="245" ind1=" " ind2=" ">
    <subfield code="a">Pr&#xE9;paration des strat&#xE9;gies et de plans d'action nationaux pour les ressources zoog&#xE9;n&#xE9;tiques</subfield>
    <subfield code="c">/ FAO</subfield>
  </datafield>
  <datafield tag="260" ind1=" " ind2=" ">
    <subfield code="a">Rome</subfield>
    <subfield code="b">: FAO</subfield>
    <subfield code="c">, 2009</subfield>
  </datafield>
  <datafield tag="300" ind1=" " ind2=" ">
    <subfield code="a">v - 77 p.</subfield>
    <subfield code="c">25 cm</subfield>
  </datafield>
  <datafield tag="440" ind1=" " ind2=" ">
    <subfield code="a">(FAO Production et sant&#xE9; animales</subfield>
    <subfield code="n">N&#xB0;2</subfield>
    <subfield code="x">, ISSN : 1810 - 0716)</subfield>
    <subfield code="9">7995</subfield>
  </datafield>
  <datafield tag="653" ind1=" " ind2=" ">
    <subfield code="a">Ressources g&#xE9;n&#xE9;tiques</subfield>
    <subfield code="a">Plans d'action</subfield>
    <subfield code="a">Directives</subfield>
  </datafield>
  <datafield tag="942" ind1=" " ind2=" ">
    <subfield code="c">LIVR</subfield>
  </datafield>
  <datafield tag="999" ind1=" " ind2=" ">
    <subfield code="c">47470</subfield>
    <subfield code="d">47470</subfield>
  </datafield>
  <datafield tag="952" ind1=" " ind2=" ">
    <subfield code="0">0</subfield>
    <subfield code="1">0</subfield>
    <subfield code="4">0</subfield>
    <subfield code="7">0</subfield>
    <subfield code="a">BIDOC</subfield>
    <subfield code="b">BIDOC</subfield>
    <subfield code="d">2010-08-04</subfield>
    <subfield code="l">0</subfield>
    <subfield code="o">PA.2009.009</subfield>
    <subfield code="r">2010-08-04 00:00:00</subfield>
    <subfield code="t">1</subfield>
    <subfield code="w">2010-08-04</subfield>
    <subfield code="y">LIVR</subfield>
  </datafield>
</record>
